000 00762nam a22001815i 4500
001 154545
003 ES-MaACL
005 20251013181200.0
008 961110s1876 sp |||| | spa d
040 _aCLM
_bspa
_cCCPB | SIC
100 1 _aGonzález Apousa, Esteban.
_9127398
245 1 0 _aMartínez Campos y sus hechos principales /
_cEsteban González Apousa.
260 _aMadrid :
_b[s.n.],
_c1876 (
_fImprenta à cargo de Víctor Sáiz)
300 _a31 p. ;
_c16 cm.
600 1 7 _aMartínez Campos, Arsenio,
_d1831-1900
_2
_9154889
852 _aES-MaACL
_jT-293-F-4
_z-- Enc. hol., falto de la cub. original
_z-- Enc. en un vol. facticio
_x-- Edic.: en port. no consta fecha en pie de imp. La fecha consta al final del texto
999 _c154545
_d154545